Historian henkilöt kuvavisa (Helppo) - Statistics

Yleistilastot
  • Tätä visaa on pelattu 278 kertaa
    265 viimeisimmän päivityksen jälkeen
  • Keskiarvotulos 9 / 16
Vastaustilastot
Kuvavisa Vastaus % Oikein
Urho Kekkonen
96%
Michael Jackson
93%
Carl G.E. Mannerheim
90%
Elvis Presley
84%
Martin Luther
74%
Kyösti Kallio
72%
Vladimir Lenin
72%
Olavi Virta
46%
Charles Darwin
42%
Saddam Hussein
39%
Al Capone
37%
Franklin D. Roosevelt
35%
Idi Amin
29%
Alfred Hitchcock
18%
Bernard Montgomery
12%
Alan Turing
11%
Ehtoja vastaavia visoja ei löytynyt
Tulosjakauma
Jokaisen tuloksen saaneiden osuus
Persentiili vastausten määrän mukaan
Tuloshistoriasi
Et ole pelannut tätä visaa sen viimeisimmän päivityksen jälkeen